Математическое моделирование процесса каталитической депарафинизации дизельного топлива; Переработка углеводородного сырья. Комплексные решения (Левинтерские чтения - 2016)

Podrobná bibliografie
Parent link:Переработка углеводородного сырья. Комплексные решения (Левинтерские чтения - 2016).— 2016.— [С. 36-37]
Korporativní autor: Национальный исследовательский Томский политехнический университет (ТПУ) Институт природных ресурсов (ИПР) Кафедра химической технологии топлива и химической кибернетики (ХТТ)
Další autoři: Белинская Н. С. Наталия Сергеевна, Францина Е. В. Евгения Владимировна, Луценко А. С., Попова Н. В. Наталья Владимировна, Зырянова И. В. Ирина Владимировна
Shrnutí:Заглавие с экрана
Jazyk:ruština
Vydáno: 2016
Témata:
On-line přístup:http://levinter.samgtu.ru/sites/levinter.samgtu.ru/files/sbornik_tezisov_levinterskie_chteniya-2016_0.pdf#page=37
Médium: MixedMaterials Elektronický zdroj Kapitola
KOHA link:https://koha.lib.tpu.ru/cgi-bin/koha/opac-detail.pl?biblionumber=653558

MARC

LEADER 00000naa0a2200000 4500
001 653558
005 20260410071621.0
035 |a (RuTPU)RU\TPU\network\19030 
035 |a RU\TPU\network\18711 
090 |a 653558 
100 |a 20170314d2016 k||y0rusy50 ca 
101 0 |a rus 
102 |a RU 
135 |a drcn ---uucaa 
181 0 |a i  
182 0 |a b 
200 1 |a Математическое моделирование процесса каталитической депарафинизации дизельного топлива  |f Н. С. Белинская [и др.] 
203 |a Текст  |c электронный 
300 |a Заглавие с экрана 
463 1 |t Переработка углеводородного сырья. Комплексные решения (Левинтерские чтения - 2016)  |o тезисы докладов IV Всероссийской научной конференции, 3-5 ноября 2016 г., Самара  |f Самарский государственный технический университет (СамГТУ)  |v [С. 36-37]  |d 2016 
610 1 |a электронный ресурс 
610 1 |a труды учёных ТПУ 
610 1 |a каталитическая депарафинизация 
610 1 |a дизельное топливо 
610 1 |a математическое моделирование 
610 1 |a процессы 
701 1 |a Белинская  |b Н. С.  |c химик  |c доцент Томского политехнического университета, кандидат технических наук  |f 1989-  |g Наталия Сергеевна  |y Томск  |3 (RuTPU)RU\TPU\pers\30822  |9 15069 
701 1 |a Францина  |b Е. В.  |c химик-технолог  |c доцент Томского политехнического университета, кандидат технических наук  |f 1985-  |g Евгения Владимировна  |3 (RuTPU)RU\TPU\pers\25034  |9 11167 
701 1 |a Луценко  |b А. С. 
701 1 |a Попова  |b Н. В.  |g Наталья Владимировна 
701 1 |a Зырянова  |b И. В.  |g Ирина Владимировна 
712 0 2 |a Национальный исследовательский Томский политехнический университет (ТПУ)  |b Институт природных ресурсов (ИПР)  |b Кафедра химической технологии топлива и химической кибернетики (ХТТ)  |3 (RuTPU)RU\TPU\col\18665 
801 2 |a RU  |b 63413507  |c 20180228  |g RCR 
856 4 |u http://levinter.samgtu.ru/sites/levinter.samgtu.ru/files/sbornik_tezisov_levinterskie_chteniya-2016_0.pdf#page=37 
942 |c CF